Statistics for Select the European Country

Click here to take the quiz!

General Stats

  • This quiz has been taken 85 times
  • The average score is 30 of 45

Answers on the Map

Answers color-coded by a green-red scale on the quiz's map according to % correct below.
 

Answer Stats

Answer% Correct
Finland
86%
France
86%
Germany
83%
Greece
80%
Russia
80%
Spain
80%
Italy
78%
Portugal
78%
Denmark
77%
Ireland
77%
United Kingdom
77%
Estonia
75%
Iceland
75%
Belarus
73%
Belgium
73%
Sweden
73%
Norway
72%
Poland
72%
Austria
70%
Ukraine
70%
Luxembourg
69%
Netherlands
69%
Switzerland
67%
Romania
66%
Vatican City
66%
Latvia
64%
Andorra
63%
Croatia
63%
Hungary
63%
Albania
61%
Czech Republic
61%
Kosovo
59%
Malta
59%
Moldova
59%
Monaco
59%
San Marino
59%
Liechtenstein
58%
Bosnia and Herzegovina
55%
Bulgaria
55%
Serbia
55%
Lithuania
53%
North Macedonia
53%
Slovenia
53%
Montenegro
50%
Slovakia
48%

Score Distribution

Percentile by Number Answered

Percent of People with Each Score

Your Score History

You have not taken this quiz